| 000 | 01477nam a22004217a 4500 | ||
|---|---|---|---|
| 003 | CHAP | ||
| 005 | 20220817044352.0 | ||
| 008 | 101115s2006 it a rn 00010 eng d | ||
| 010 | _a99144 | ||
| 011 | _a100116 | ||
| 020 | _a9789251056202 | ||
| 035 | _a110802 | ||
| 040 | _cCHAP | ||
| 082 | 0 | 4 |
_a338.181 _bF21yDoc. v.6 |
| 110 | 2 | _aFAO | |
| 245 | 1 | 0 |
_aPromoting farmerentrepreneurship through producer organizations in Central and Eastern Europe _c/por John Millns y Janos Juhasz |
| 260 |
_aRome : _bFAO, _c2006 |
||
| 300 |
_av, 58 p. : _bilus. |
||
| 490 | 0 |
_aFAO. Instituciones para el desarrollo rural. Documento de trabajo _v; 6 |
|
| 590 |
_aBATCH-UPD _b10 _c20130110 _lUCH01 _h0958 |
||
| 590 |
_aBATCH-UPD _b10 _c20130410 _lUCH01 _h0610 |
||
| 590 |
_aBATCH-UPD _b10 _c20130914 _lUCH01 _h0004 |
||
| 590 |
_aCONVERSION _b10 _c20130109 _lUCH01 _h1355 |
||
| 650 | 1 | 4 |
_aAgricultores. _91169 |
| 650 | 1 | 4 |
_aAgricultura cooperativa. _91945 |
| 650 | 1 | 4 |
_aAyuda técnica. _99035 |
| 650 | 1 | 4 |
_aCapacitación. _918690 |
| 650 | 1 | 4 |
_aDesarrollo rural. _932067 |
| 650 | 1 | 4 |
_aEducación. _935409 |
| 650 | 1 | 4 |
_aEmpresarios. _936634 |
| 650 | 1 | 4 |
_aProyectos de desarrollo. _992528 |
| 700 | 0 |
_aJuhász, János _e, ed. _962317 |
|
| 700 | 1 |
_aMillns, John _975828 |
|
| 830 | 0 |
_aFAO. Instituciones para el desarrollo rural. Documento de trabajo _v; 6 _939601 |
|
| 901 | _aBK | ||
| 942 | _cLIBRO | ||
| 949 |
_a338.181 F21yDoc. v.6 _bBC _cFAO _d33724002086678 _eFAO1 _gDonaciØn _h113762 _i110802 _st |
||
| 999 |
_c99144 _d99144 |
||